000
00306nam a2200097 a 4500
005
20201002045953.0
008
150210s1973 000 spa d
245
0
_a
Recuerdo de la Inauguración de la Presa Hidroelectrica de Tavera.
260
_a
Santo Domingo, República Dominicana,
_c
1973.
999
_c
44699
_d
44699
040
_a
DO-SdBNP